| 000 -LEADER |
| fixed length control field |
01106cam a22003253a 4500 |
| 005 - DATE AND TIME OF LATEST TRANSACTION |
| control field |
20180413013744.0 |
| 008 - FIXED-LENGTH DATA ELEMENTS--GENERAL INFORMATION |
| fixed length control field |
960401s1996||||xxu|||||s|||||000 1 eng d |
| 040 ## - CATALOGING SOURCE |
| Transcribing Agency |
APEC Schools Library |
| Description Conventions |
rda |
| 041 ## - LANGUAGE CODE |
| Language code of text/sound track or separate title |
eng |
| 100 1# - CREATOR |
| Preferred Name of the Person |
Baum, L. Frank |
| Fuller Form of Name |
(Lyman Frank), |
| Dates Associated with the Person |
1856-1919 |
| 245 14 - TITLE AND STATEMENT OF RESPONSIBILITY |
| Preferred Title Proper |
The Road to Oz / |
| Statement of Responsibility/Parallel Statement of Responsibility |
L. Frank Baum |
| 336 ## - RDA CONTENT |
| Source |
rdacontent |
| Content Type |
text |
| 337 ## - RDA MEDIA |
| Source |
rdamedia |
| Media Type |
computer |
| 338 ## - RDA CARRIER |
| Source |
rdacarrier |
| Carrier Type |
online resource |
| 506 ## - RESTRICTIONS ON ACCESS NOTE |
| Restriction on Access Note |
Public domain in the USA. |
| 516 ## - TYPE OF COMPUTER FILE OR DATA NOTE |
| Type of computer file or data note |
Text |
| 653 ## - INDEX TERM--UNCONTROLLED |
| Uncontrolled term |
Uncles -- Juvenile fiction |
| 653 ## - INDEX TERM--UNCONTROLLED |
| Uncontrolled term |
Fantasy |
| 653 ## - INDEX TERM--UNCONTROLLED |
| Uncontrolled term |
Kings and rulers -- Juvenile fiction |
| 653 ## - INDEX TERM--UNCONTROLLED |
| Uncontrolled term |
Voyages and travels -- Juvenile fiction |
| 653 ## - INDEX TERM--UNCONTROLLED |
| Uncontrolled term |
Farms -- Juvenile fiction |
| 653 ## - INDEX TERM--UNCONTROLLED |
| Uncontrolled term |
Good and evil -- Juvenile fiction |
| 653 ## - INDEX TERM--UNCONTROLLED |
| Uncontrolled term |
Animals, Mythical -- Juvenile fiction |
| 653 ## - INDEX TERM--UNCONTROLLED |
| Uncontrolled term |
Oz (Imaginary place) -- Juvenile fiction |
| 653 ## - INDEX TERM--UNCONTROLLED |
| Uncontrolled term |
Princess Ozma (Fictitious character) -- Juvenile fiction |
| 653 ## - INDEX TERM--UNCONTROLLED |
| Uncontrolled term |
Magic -- Juvenile fiction |
| 653 ## - INDEX TERM--UNCONTROLLED |
| Uncontrolled term |
Gale, Dorothy (Fictitious character) -- Juvenile fiction |
| 655 ## - GENRE |
| Genre/form data or focus term |
electronic books |
| 856 40 - ELECTRONIC LOCATION AND ACCESS |
| Uniform Resource Identifier |
https://goo.gl/9GeAmR |
| 942 ## - ADDED ENTRY ELEMENTS (KOHA) |
| Source of Classification |
|
| Koha Item Type |
E-book/Online Resources |